Úvod do teorie a praxe sociálního plánování

Gespeichert in:
Bibliographische Detailangaben
1. Verfasser: Duben, Rostislav
Körperschaft: Vysoká škola ekonomická v Praze. Národohospodářská fakulta
Format: Buch
Sprache:Tschechisch
Veröffentlicht: Praha Státní pedagogické nakladatelství 1983
Tags: Tag hinzufügen
Keine Tags, Fügen Sie das erste Tag hinzu!

MARC

LEADER 00000nam a2200000 4500
001 c115574
005 20190201111045.4
041 0 |a cze 
044 |a CZ 
245 1 0 |a Úvod do teorie a praxe sociálního plánování  |c Rostislav Duben 
264 1 |a Praha  |b Státní pedagogické nakladatelství  |c 1983 
300 |a 218 s. 
100 1 |a Duben, Rostislav 
710 2 |a Vysoká škola ekonomická v Praze. Národohospodářská fakulta